| 000 | 01925cam a22004934i 4500 | ||
|---|---|---|---|
| 003 | PE-LiUPU | ||
| 005 | 20250731173054.0 | ||
| 008 | 180309s2017 ne rb 000 0 eng d | ||
| 020 | _a9789004348967 | ||
| 035 | _a(Sirsi) a241497 | ||
| 040 |
_aPE-LiUPU _bspa _cPE-LiUPU _erda |
||
| 049 | _aPRUA | ||
| 082 | 0 | 4 |
_a270 _bK74 _223 |
| 100 | 1 |
_aKoosed, Jennifer L., _eautor. |
|
| 245 | 1 | 0 |
_aReading the Bible as a feminist / _cby Jennifer L. Koosed. |
| 264 | 1 |
_aLeiden : _bBrill, _c2017. |
|
| 300 |
_a75 páginas ; _c24 centímetros. |
||
| 336 |
_atext _2rdacontent |
||
| 337 |
_aunmediated _2rdamedia |
||
| 338 |
_avolume _2rdacarrier |
||
| 490 | 0 | _aBrill research perspectives | |
| 504 | _aBibliografía : páginas 66-75. | ||
| 505 | 0 | _aAbstract -- Keywords -- Preface : the Bible in the hands of an angry man -- What is feminism? -- The Bible in the hands of angry women -- The field expands : Archaeology ; Poststructuralism ; Postcolonial interpretation ; Gender and sexuality -- Eve : the mother of all feminist interpreters -- Conclusion : flying away with Lilith. | |
| 526 | _aSEG42 | ||
| 526 | _aSEG41 | ||
| 526 | _aSEG40 | ||
| 526 | _aSEG39 | ||
| 526 | _aP94 | ||
| 526 | _aP87 | ||
| 526 | _aP86 | ||
| 526 | _aP85 | ||
| 526 | _aP77 | ||
| 526 | _aP76 | ||
| 526 | _aP35 | ||
| 541 | _20180305; | ||
| 650 | 0 | _aBible and feminism. | |
| 650 | 0 |
_aBiblia y feminismo. _95039 |
|
| 910 |
_adbm _bjpc _cjpc _d20180309 |
||
| 942 |
_2ddc _cBOOK |
||
| 994 |
_aC0 _bPEPRU |
||
| 596 | _a1 | ||
| 999 |
_a270 K74 _wDEWEY _c27122 _i78395 _f2021-11-11 _g4 _lCCODEBUL1 _mBUL _p86.00 _r0 _sY _tBOOK _u2018-3-9 _xTEOLOGIA _PP35 _0DONACION _o.STAFF. Colección Teología _d27122 |
||
| 999 |
_a270 K74 _wDEWEY _c2 _i78394 _f2021-11-11 _g4 _lCCODEBUL1 _mBUL _p86.00 _r0 _sY _tBOOK _u2018-3-9 _xTEOLOGIA _PP35 _0DONACION _o.STAFF. Colección Teología |
||
| 980 |
_81 _gALBERTO SANCHEZ Responsable de Automatización |
||